<?xml version="1.0" encoding="UTF-8"?>
<collection xmlns="http://www.loc.gov/MARC21/slim">
 <record>
  <leader>00562pamaa2200157   4500</leader>
  <controlfield tag="001">0000015064</controlfield>
  <controlfield tag="005">20070202090000.0</controlfield>
  <datafield tag="020" ind1="0" ind2="0">
   <subfield code="a">0787609595 (set) </subfield>
  </datafield>
  <datafield tag="090" ind1="0" ind2="0">
   <subfield code="a">Q141 </subfield>
   <subfield code="b">SCI 1996</subfield>
  </datafield>
  <datafield tag="245" ind1="0" ind2="0">
   <subfield code="a">SCIENTISTS volume 1 to 3 : </subfield>
   <subfield code="b">the lives and works of 150 physical and social scientists  </subfield>
   <subfield code="c">edited by Peggy Saari and Stephen Allison.</subfield>
  </datafield>
  <datafield tag="260" ind1="0" ind2="0">
   <subfield code="a">New York: </subfield>
   <subfield code="b">UXL, </subfield>
   <subfield code="c">1996.</subfield>
  </datafield>
  <datafield tag="300" ind1=" " ind2=" ">
   <subfield code="a">xliii, 1045p (3 volumes): </subfield>
   <subfield code="b">ill.; </subfield>
   <subfield code="c">24cm.</subfield>
  </datafield>
  <datafield tag="650" ind1="0" ind2="0">
   <subfield code="a">Physical scientists -- </subfield>
   <subfield code="x">Biography </subfield>
  </datafield>
  <datafield tag="650" ind1="0" ind2="0">
   <subfield code="a">Social scientists -- </subfield>
   <subfield code="x">Biography </subfield>
  </datafield>
  <datafield tag="700" ind1="1" ind2="1">
   <subfield code="a">Saari, </subfield>
   <subfield code="h">Peggy </subfield>
  </datafield>
  <datafield tag="700" ind1="1" ind2="1">
   <subfield code="a">Allison, </subfield>
   <subfield code="h">Stephen </subfield>
  </datafield>
 </record>
</collection>
